Cidades Globais - Statistics

Estatísticas Gerais
  • Esse quiz foi jogado 26 vezes
  • A pontuação média é 71 de 190
Estatísticas das Respostas
Categoria País Cidade % Correto
Alfa++ Reino Unido Londres
100%
Alfa++ Estados Unidos Nova York
96%
Alfa+ França Paris
96%
Alfa+ China Pequim
96%
Alfa+ Japão Tóquio
96%
Alfa Holanda Amsterdã
88%
Alfa- Alemanha Berlim
88%
Alfa+ Emirados Árabes Unidos Dubai
88%
Alfa Espanha Madri
88%
Beta+ Itália Roma
88%
Alfa Brasil São Paulo
88%
Alfa México Cidade do México
83%
Alfa Turquia Istambul
83%
Alfa Itália Milão
83%
Alfa+ Singapura Singapura
83%
Alfa Canadá Toronto
83%
Alfa+ China Xangai
83%
Alfa- Alemanha Munique
79%
Alfa Coreia do Sul Seul
79%
Alfa- Estados Unidos Washington
79%
Alfa- Bélgica Bruxelas
75%
Alfa- Argentina Buenos Aires
75%
Alfa Indonésia Jacarta
75%
Alfa Estados Unidos Los Angeles
75%
Beta- Brasil Rio de Janeiro
75%
Alfa+ Austrália Sydney
75%
Alfa Polônia Varsóvia
75%
Alfa Tailândia Bangkok
71%
Alfa- Portugal Lisboa
71%
Alfa- Índia Nova Delhi
71%
Beta+ Grécia Atenas
67%
Alfa Estados Unidos Chicago
67%
Alfa- Luxemburgo Cidade de Luxemburgo
67%
Alfa- Irlanda Dublin
67%
Alfa Malásia Kuala Lumpur
67%
Beta+ Espanha Barcelona
63%
Alfa- Suécia Estocolmo
63%
Alfa Alemanha Frankfurt
63%
Alfa- Chile Santiago
63%
Beta Emirados Árabes Unidos Abu Dhabi
58%
Beta+ Colômbia Bogotá
58%
Beta+ Hungria Budapeste
58%
Beta- Venezuela Caracas
58%
Beta+ Peru Lima
58%
Beta+ República Tcheca Praga
58%
Alfa- Estados Unidos San Francisco
58%
Alfa- Áustria Viena
58%
Beta+ Romênia Bucareste
54%
Beta+ Estados Unidos Dallas
54%
Beta+ Catar Doha
54%
Alfa China Guangzhou
54%
Alfa+ China Hong Kong
54%
Alfa- África do Sul Joanesburgo
54%
Beta Ucrânia Kiev
54%
Alfa- Austrália Melbourne
54%
Beta+ Estados Unidos Miami
54%
Alfa Índia Mumbai
54%
Beta Noruega Oslo
54%
Alfa- Taiwan Taipé
54%
Beta Egito Cairo
50%
Beta- Panamá Cidade do Panamá
50%
Gama+ Bangladesh Daca
50%
Alfa- Arábia Saudita Riade
50%
Gama- Nova Zelândia Wellington
50%
Beta- Croácia Zagreb
50%
Alfa- Suíça Zurique
50%
Beta- Líbano Beirute
46%
Beta- Sérvia Belgrado
46%
Beta Dinamarca Copenhague
46%
Beta Vietnã Hanói
46%
Beta- Reino Unido Manchester
46%
Beta- Uruguai Montevidéu
46%
Beta Quênia Nairobi
46%
Gama+ Guatemala Cidade da Guatemala
42%
Gama+ África do Sul Cidade do Cabo
42%
Gama+ Kuwait Cidade do Kuwait
42%
Beta- Finlândia Helsinque
42%
Gama Paquistão Islamabad
42%
Beta- Nigéria Lagos
42%
Beta Filipinas Manila
42%
Beta- Bulgária Sofia
42%
Gama+ Tunísia Tunis
42%
Beta- Canadá Vancouver
42%
Gama- Azerbaijão Baku
38%
Beta+ Alemanha Hamburgo
38%
Alfa- Estados Unidos Houston
38%
Gama- França Marselha
38%
Beta Israel Tel Aviv
38%
Gama Albânia Tirana
38%
Gama+ Jordânia Amã
33%
Beta+ Estados Unidos Atlanta
33%
Beta+ Nova Zelândia Auckland
33%
Alfa- Estados Unidos Boston
33%
Beta- Eslováquia Bratislava
33%
Beta+ Canadá Montreal
33%
Beta- Chipre Nicósia
33%
Gama+ Portugal Porto
33%
Gama+ Holanda Roterdã
33%
Gama+ Estados Unidos San Diego
33%
Gama Costa Rica | Estados Unidos San José
33%
Gama El Salvador San Salvador
33%
Gama+ República Dominicana Santo Domingo
33%
Beta- Marrocos Casablanca
29%
Beta Suíça Genebra
29%
Beta- França Lyon
29%
Gama- Nicarágua Manágua
29%
Beta Bahrein Manama
29%
Gama Japão Osaka
29%
Gama Equador Quito
29%
Gama- Itália Turim
29%
Gama- Gana Acra
25%
Gama Reino Unido Birmingham
25%
Beta Austrália Brisbane
25%
Beta- Estados Unidos Denver
25%
Beta- Estados Unidos Filadélfia
25%
Gama Uganda Kampala
25%
Gama- Eslovênia Ljubljana
25%
Gama Omã Mascate
25%
Beta- Estados Unidos Seattle
25%
Beta- Alemanha Stuttgart
25%
Gama Honduras Tegucigalpa
25%
Gama+ Austrália Adelaide
21%
Gama+ Estados Unidos Austin
21%
Gama- Espanha Bilbao
21%
Gama- Colômbia Cali
21%
Gama+ Sri Lanka Colombo
21%
Alfa- Alemanha Düsseldorf
21%
Gama- Reino Unido Edimburgo
21%
Beta Austrália Perth
21%
Gama Letônia Riga
21%
Gama Geórgia Tbilisi
21%
Gama- Espanha Valencia
21%
Beta China Wuhan
21%
Gama+ Cazaquistão Almaty
17%
Beta Canadá Calgary
17%
Beta+ Vietnã Cidade de Ho Chi Minh
17%
Gama- Tanzânia Dar es Salaam
17%
Gama Estados Unidos Detroit
17%
Gama- Arábia Saudita Jedá
17%
Gama México Monterrey
17%
Alfa- China Shenzhen
17%
Gama+ Bélgica Antuérpia
13%
Beta+ Índia Bangalore
13%
Gama Itália Bolonha
13%
Beta China Chongqing
13%
Beta- Paquistão Karachi
13%
Gama+ Paquistão Lahore
13%
Gama+ Estados Unidos Minneápolis
13%
Beta China Nanquim
13%
Beta- Ilhas Maurício Port Louis
13%
Beta+ China Tianjin
13%
Beta- China Xian
13%
Beta+ China Chengdu
8%
Beta- Índia Chennai
8%
Beta China Dalian
8%
Gama Estados Unidos Nashville
8%
Gama- Estados Unidos Pittsburgh
8%
Gama- Polônia Poznán
8%
Gama Índia Pune
8%
Beta- China Qingdao
8%
Gama Índia Ahmedabad
4%
Gama- Estados Unidos Baltimore
4%
Gama Reino Unido Bristol
4%
Beta- China Changsha
4%
Gama- Estados Unidos Charlotte
4%
Beta+ China Hangzhou
4%
Gama China Harbin
4%
Gama+ Índia Hyderabad
4%
Gama- Polônia Katowice
4%
Gama Camboja Phnom Penh
4%
Gama- Indonésia Surabaya
4%
Gama+ China Taiyuan
4%
Gama Estados Unidos Tampa
4%
Beta China Xiamen
4%
Gama- China Changchun
0%
Gama- Estados Unidos Cleveland
0%
Gama+ China Fuzhou
0%
Gama China Haikou
0%
Beta- China Hefei
0%
Beta China Jinan
0%
Beta- China Kunming
0%
Gama- Malásia Labuan
0%
Gama- China Nanchang
0%
Gama China Ningbo
0%
Gama- Malásia Penang
0%
Gama- Estados Unidos Saint Louis
0%
Beta China Shenyang
0%
Beta China Suzhou
0%
Beta China Zhengzhou
0%
Nenhum quiz correspondente encontrado
Distribuição das Pontuações
Porcentagem de Pessoas com Cada Pontuação
Percentil de Números Respondidos
Sua Pontuação Histórica
Você não jogou esse quiz